[Event "Mem Vinas 15th B"]
[Site "Mataro"]
[Date "2019.06.22"]
[Round "7.9"]
[White "Folch Brach, Jordi"]
[Black "Sanchez Fontanet, Lluis"]
[Result "1-0"]
[WhiteElo "1588"]
[BlackElo "1440"]
[PlyCount "53"]
[EventDate "2019.05.04"]
[EventType "swiss"]
[EventRounds "8"]
[EventCountry "ESP"]
[SourceTitle "EXT 2024"]
[Source "ChessBase"]
[SourceDate "2023.10.10"]
[SourceVersion "1"]
[SourceVersionDate "2023.10.10"]
[SourceQuality "1"]

1. d4 Nf6 2. c4 e6 3. Nc3 Bb4 4. Bg5 h6 5. Bh4 d5 6. cxd5 exd5 7. Nf3 g5 8. Bg3 Ne4 9. Rc1 Nc6 10. e3 Bd7 11. a3 Bxc3+ 12. bxc3 Nxg3 13. hxg3 Bg4 14. Bb5 Qf6 15. Be2 Bxf3 16. Bxf3 Ne7 17. Qb3 0-0-0 18. c4 Qb6 19. Qxb6 axb6 20. c5 Kb8 21. cxb6 cxb6 22. Kd2 Rc8 23. Rxc8+ Rxc8 24. Rxh6 Rc6 25. Rh8+ Ka7 26. Rd8 b5 27. Rd7 1-0

[Event "Mem Vinas 15th B"]
[Site "Mataro"]
[Date "2019.05.04"]
[Round "1.6"]
[White "Rodriguez Quiroga, Jorge"]
[Black "Folch Brach, Jordi"]
[Result "0-1"]
[WhiteElo "1292"]
[BlackElo "1588"]
[PlyCount "92"]
[EventDate "2019.05.04"]
[EventType "swiss"]
[EventRounds "8"]
[EventCountry "ESP"]
[SourceTitle "EXT 2024"]
[Source "ChessBase"]
[SourceDate "2023.10.10"]
[SourceVersion "1"]
[SourceVersionDate "2023.10.10"]
[SourceQuality "1"]

1. Nf3 d5 2. d3 Nf6 3. g3 g6 4. Bg5 Bg7 5. d4 Nbd7 6. Bg2 e6 7. Nc3 c5 8. 0-0 cxd4 9. Nxd4 a6 10. b4 0-0 11. e3 Qc7 12. Nce2 b5 13. Rc1 Nb6 14. Nb3 Nc4 15. Bxf6 Bxf6 16. c3 Rd8 17. Na5 Nxa5 18. bxa5 Qxa5 19. Nd4 Bb7 20. Qf3 Bg7 21. Qe2 Rac8 22. Nb3 Qb6 23. e4 Rxc3 24. Rxc3 Bxc3 25. Rc1 Bg7 26. Nc5 Bf8 27. Nxb7 Qxb7 28. exd5 exd5 29. Qe5 Bg7 30. Qg5 Qd7 31. Rd1 d4 32. Rd3 Qd6 33. h4 Qf6 34. Qc5 Qd6 35. Qa7 Qe6 36. Rf3 h6 37. Kh2 Rd7 38. Qa8+ Kh7 39. Bh3 f5 40. Rf4 Be5 41. Rf3 Qd5 42. Qc8 Rc7 43. Qxa6 Qxf3 44. Qxb5 Qxf2+ 45. Bg2 Qxg3+ 46. Kg1 Rc1+ 0-1

[Event "Barcelona Sant Marti op-B 20th"]
[Site "Barcelona"]
[Date "2018.07.13"]
[Round "1"]
[White "Folch Brach, Jordi"]
[Black "Moravich Casais, Juan Santiago"]
[Result "0-1"]
[WhiteElo "1644"]
[BlackElo "1949"]
[PlyCount "56"]
[EventDate "2018.07.13"]
[EventType "swiss"]
[EventRounds "9"]
[EventCountry "ESP"]
[SourceTitle "EXT 2019"]
[Source "ChessBase"]
[SourceDate "2018.10.10"]
[SourceVersion "1"]
[SourceVersionDate "2018.10.10"]
[SourceQuality "1"]

1. d4 d5 2. Nf3 e6 3. Bf4 Bd6 4. Bxd6 Qxd6 5. e3 Qb4+ 6. Nc3 Qxb2 7. Kd2 Qb4 8. Rb1 Qe7 9. Bd3 Nf6 10. Ne5 0-0 11. h3 c5 12. dxc5 Qxc5 13. Rb5 Qd6 14. f4 Nc6 15. Nxc6 bxc6 16. Rb3 e5 17. g3 d4 18. exd4 exf4 19. g4 Qxd4 20. Qf3 Be6 21. Rbb1 Rad8 22. Rhf1 c5 23. Ne2 Qd6 24. Ke1 c4 25. Be4 Rfe8 26. Qxf4 Nxe4 27. Qxe4 Qd2+ 28. Kf2 Bd5 0-1